书目信息 |
| 题名: |
先秦士人与社会
|
|
| 作者: | 刘泽华 著 | |
| 分册: | ||
| 出版信息: | 天津 天津人民出版社 2004 |
|
| 页数: | 284页 | |
| 开本: | 20cm | |
| 丛书名: | 社会史丛书 | |
| 单 册: | ||
| 中图分类: | D691.7 | |
| 科图分类: | ||
| 主题词: | 知识分子--关系--社会生活--研究--中国--先秦时代 | |
| 电子资源: | ||
| ISBN: | 7-201-04330-7 | |
| 000 | 00766oam2 2200253 450 | |
| 001 | 060000006940 | |
| 005 | 20050913112648.73 | |
| 010 | @a7-201-04330-7@dCNY18.00 | |
| 100 | @a20040901d2004 ekmy0chiy0120 ea | |
| 101 | 0 | @achi |
| 102 | @aCN@b120000 | |
| 105 | @ay z 000yy | |
| 200 | 1 | @a先秦士人与社会@Axian qin shi ren yu she hui@f刘泽华著@Fliu ze hua zhu |
| 205 | @a修订本 | |
| 210 | @a天津@c天津人民出版社@d2004 | |
| 215 | @a284页@d20cm | |
| 225 | 2 | @a社会史丛书 |
| 330 | @a本书探讨先秦时期士人与社会的关系,他们的思想对社会的贡献。 | |
| 410 | 0 | @12001 @a社会史丛书 |
| 606 | 0 | @a知识分子@x关系@x社会生活@x研究@y中国@z先秦时代 |
| 690 | @aD691.7@v4 | |
| 701 | 0 | @a刘泽华@Aliu ze hua@4著 |
| 801 | 0 | @aCN@bTSSF@c20050913 |
| 905 | @a10447@dD691.7@e94=2 | |
| 先秦士人与社会/刘泽华著.-修订本.-天津:天津人民出版社,2004 |
| 284页;20cm.-(社会史丛书) |
| ISBN 7-201-04330-7:CNY18.00 |
| 本书探讨先秦时期士人与社会的关系,他们的思想对社会的贡献。 |
| ● |
| 相关链接 |
|
|
|
|
正题名:先秦士人与社会
索取号:D691.7/94=2
 
预约/预借
| 序号 | 登录号 | 条形码 | 馆藏地/架位号 | 状态 | 备注 |
| 1 | 0361362 | 3613628 | 第一样本阅览室/ [索取号:D691.7/94=2] | 在馆 | |
| 2 | 0361363 | 3613637 | 第一借阅区/ [索取号:D691.7/94=2] | 在馆 | |
| 3 | 0361364 | 3613646 | 第一借阅区/ [索取号:D691.7/94=2] | 在馆 | |
| 4 | 0361365 | 3613655 | 第一借阅区/ [索取号:D691.7/94=2] | 在馆 | |
| 5 | 0361366 | 3613664 | 第一借阅区/ [索取号:D691.7/94=2] | 在馆 |